LEADER 01624nam a2200337 i 4500 001 000000037316 003 CaOOAMICUS 005 20240916155837.0 008 071130s1989 it u000 u ita u 020 $a88-7023-130-5 040 $aSeMil$bita 245 02$aL'epistolario card. Schuster - Don Calabria :$b1945-1954 /$ca cura di Angelo Majo e Luigi Piovan. 264 1$aMilano :$bNED,$c1989. 300 $a197 p. ;$c24 cm. 490 1 $aArchivio Ambrosiano ;$v62 541 0 $aFondo card. Giovanni Colombo (3TA A 62) 650 04$aCalabria, Giovanni - Lettere e carteggi.$0(OLS)http://semarc/subject/7376 650 4$aSchuster, Alfredo Ildefonso - Lettere e carteggi.$0(OLS)http://semarc/subject/7375 700 1 $aPiovan, Luigi.$0(OLS)http://semarc/name/17788 700 1 $aCalabria, Giovanni,$c.$0(OLS)http://semarc/name/17787 700 1 $aMajo, Angelo Giuseppe,$c.$0(OLS)http://semarc/name/3746 700 1 $aSchuster, Alfredo Ildefonso,$c.$0(OLS)http://semarc/name/89146 830 0$aArchivio Ambrosiano ;$v62.$0(OLS)http://semarc/title/254 850 $aSeMil 852 $aSeMil$W1$xVenegono$y1$m3TA A 62$j250818$B3471$CSeMilBibl$Z2$F3471 $81 941 1 $a3 961 $aLascito: Colombo Card. Giovanni 996 $6020$a88-7023-130-5$9(OLS)http://semarc/number/6269 996 $6245$aL'epistolario card. Schuster - Don Calabria :$b1945-1954$9(OLS)http://semarc/title/52182 996 $6264$aMilano :$bNED$9(OLS)http://semarc/publisher/30187 LEADER 01252nam a2200277 i 4500 001 000000192794 003 CaOOAMICUS 005 20100930000000.0 008 100930s2010 fr u000 u fre u 013 $a171428 020 $a978-2-204-09138-1 040 $aSeMil$bita 100 1 $aHumann, François-Marie <1970->.$0(OLS)http://semarc/name/70253 245 13$aLa relation de l'Esprit-Saint au Christ :$bune relecture d'Yves Congar /$cFrançois-Marie Humann. 260 $aParis :$bLes Éditions du Cerf,$c2010. 300 $aVI, 397 p. ;$c22 cm. 490 0 $aCogitatio Fidei [Cerf]v274 600 14$aCongar, Yves .$0(OLS)http://semarc/subject/2473 650 4$aSpirito Santo e Gesù Cristo.$0(OLS)http://semarc/subject/3762 830 0$aCogitatio Fidei ;$v274.$0(OLS)http://semarc/title/206 850 $aSeMil 852 $aSeMil$W1$xVenegono$y1$m2BA N 274$j143369$B143369$CSeMilBibl$Z2$F154825 $81 961 $aSottoscrizione: SODIS 996 $6020$a978-2-204-09138-1$9(OLS)http://semarc/number/184100 996 $6245$aLa relation de l'Esprit-Saint au Christ :$bune relecture d'Yves Congar$9(OLS)http://semarc/title/277907 996 $6260$aParis :$bLes Éditions du Cerf$9(OLS)http://semarc/publisher/29611